Rainbow Six Siege Operators - Statistiken

Allgemein
  • Dieses Quiz wurde 771 mal gespielt
  • Das Durchschnittsergebnis liegt bei 36 aus 64
Antwortstatistiken
Operators % Korrekt
Ash
86%
Sledge
85%
Blitz
84%
Mute
80%
Thermite
80%
Jäger
79%
Smoke
79%
Doc
78%
Thatcher
78%
Bandit
76%
Fuze
75%
Kapkan
74%
Montagne
74%
IQ
73%
Rook
73%
Twitch
73%
Castle
71%
Frost
68%
Glaz
67%
Pulse
67%
Buck
63%
Hibana
61%
Tachanka
60%
Ace
59%
Caveira
59%
Mira
59%
Lion
58%
Clash
57%
Blackbeard
56%
Kali
56%
Ela
55%
Finka
54%
Jackal
54%
Vigil
54%
Lesion
53%
Valkyrie
51%
Capitao
50%
Dokkaebi
50%
Alibi
48%
Echo
48%
Kaid
48%
Maverick
48%
Zofia
48%
Mozzie
47%
Ying
47%
Gridlock
45%
Maestro
45%
Iana
42%
Zero
42%
Nomad
41%
Osa
41%
Wamai
41%
Amaru
40%
Warden
40%
Azami
38%
Nokk
38%
Rekrut
38%
Aruni
36%
Melusi
36%
Oryx
34%
Flores
33%
Thorn
30%
Thunderbird
30%
Goyo
29%
Keine übereinstimmenden Quizze gefunden
Verteilung der Resultate
Anzahl Personen mit jedem Resultat
Perzentil nach korrekt beantworteten Fragen
Ihre Resultats-Entwicklung
Sie haben dieses Quiz noch nicht gespielt